Franchisový svět se sešel ve Wiesbadenu.
Medzinárodné franchisové veľtrhy vo Wiesbadenu sa stali prvou príležitosťou k širším kontaktom medzi západoeurópskym franchisingom a podnikateľmi z krajín strednej a východnej Európy. Náčrt náležitostí franchisovej zmluvy. Rozvoj franchisingu v MR, PR a Juhoslávii. Možnosti rozvoja Franchisingu v ČS...
Salvato in:
| Autore principale: | |
|---|---|
| Natura: | Capitolo di libro |
| Lingua: | ceco |
| Soggetti: | |
| Tags: |
Nessun Tag, puoi essere il primo ad aggiungerne!!
|
MARC
| LEADER | 00000naa a2200000 4500 | ||
|---|---|---|---|
| 001 | r004095 | ||
| 005 | 20221125080013.9 | ||
| 041 | 0 | |a cze | |
| 044 | |a [CS] | ||
| 245 | 1 | 0 | |a Franchisový svět se sešel ve Wiesbadenu. |c J. Urban |
| 520 | |a Medzinárodné franchisové veľtrhy vo Wiesbadenu sa stali prvou príležitosťou k širším kontaktom medzi západoeurópskym franchisingom a podnikateľmi z krajín strednej a východnej Európy. Náčrt náležitostí franchisovej zmluvy. Rozvoj franchisingu v MR, PR a Juhoslávii. Možnosti rozvoja Franchisingu v ČSFR. | ||
| 610 | 2 | 0 | |a veľtrhy |
| 610 | 2 | 0 | |a západná Európa |
| 610 | 2 | 0 | |a východná Európa |
| 610 | 2 | 0 | |a zmluvy obchodné |
| 610 | 2 | 0 | |a franchising |
| 100 | 1 | |a Urban, J. | |